000 00766nam a2200193 a 4500
001 000041873
005 20201002035813.0
008 131018s1999 sp a 000 0 spa d
020 _z8400078511
040 _aDO-SdBNP
_bspa
_cBNPHU
082 _axxx
_bxxx
245 0 0 _aPatología, fisiología y biotoxicología en especies acuáticas /
_cCarmen Sarasquete, M. Luisa González de Canales, J. Antonio Muñoz-Cueto [eds.].
260 _aMadrid :
_bConsejo Superior de Investigaciones Científicas,
_c1999.
300 _a288 p. :
_bil., ;
_c28 cm.
500 _aIncluye referencias bibliográficas y notas al pie de las páginas.
700 1 2 _aSarasquete, Carmen
_966858
700 1 2 _aGonzález de Canales, M. Luisa
_968759
700 1 2 _aMuñoz-Cueto, J. Antonio
_968760
999 _c41362
_d41362